000 01073nam a22002537a 4500
001 542
005 20260422090527.0
020 _a978198390756
020 _a9780198390756
040 _aFISKH
_beng
_cFISKH
_dFISKH
082 _a912
100 _aGallagher, Rosemarie
_d1966-
245 _ageog.atlas
_c<rosemarie gallagher>
260 _aOxford :
_bOxford.
_c2013.
300 _a112 pages;
_bcolor illustrations, maps,
_c30 cm.
505 _aM
520 _a'geog.atlas' is an engaging atlas of accessible maps and supporting information. It features unique coverage of places likely to appear in the news, such as the Middle East, Afghanistan, and the Falklands. Special maps look at themes like global warming, desertification, and how people spread around the world. Satellite images are placed alongside physical geography maps to aid understanding.
521 _a650
_bLexile estimate
521 _aM
_bRaz-Plus
650 _2Facts.
_aGeography
_vMap.
650 _2Facts.
_aGeography
_vMap.
650 _2Facts.
_aGeography
_vMap.
942 _2ddc
_cBK
_n0
999 _c542
_d542